[Event "Giraldilla de La Habana op"]
[Site "Havana"]
[Date "2018.08.03"]
[Round "9"]
[White "Labrada Bacallao, Grisel"]
[Black "Orta Rodriguez, Antonio"]
[Result "1-0"]
[WhiteElo "1944"]
[BlackElo "1838"]
[PlyCount "55"]
[EventDate "2018.07.28"]
[EventType "swiss"]
[EventRounds "9"]
[EventCountry "CUB"]
[SourceTitle "EXT 2021"]
[Source "ChessBase"]
[SourceDate "2020.10.23"]
[SourceVersion "1"]
[SourceVersionDate "2020.10.23"]
[SourceQuality "1"]

1. d4 Nf6 2. Bf4 d5 3. e3 e6 4. Nf3 Be7 5. Bd3 Nbd7 6. Nbd2 c5 7. c3 c4 8. Bc2 b5 9. 0-0 Qa5 10. Ne5 Nxe5 11. dxe5 Ng8 12. Qf3 g5 13. Bg3 h5 14. h3 Bb7 15. a4 Qb6 16. axb5 d4 17. Be4 Bxe4 18. Qxe4 Rc8 19. exd4 Qxb5 20. Rab1 a5 21. f4 Nh6 22. fxg5 Bxg5 23. Bf4 Bxf4 24. Qxf4 Rc7 25. Ne4 Qc6 26. Nd6+ Kf8 27. Qf6 Rh7 28. Qd8+ 1-0

[Event "Giraldilla de La Habana op"]
[Site "Havana"]
[Date "2018.08.02"]
[Round "8"]
[White "Labrada Bacallao, Grisel"]
[Black "Morales Mora, Kendry Daniel"]
[Result "1-0"]
[WhiteElo "1944"]
[BlackElo "1773"]
[PlyCount "97"]
[EventDate "2018.07.28"]
[EventType "swiss"]
[EventRounds "9"]
[EventCountry "CUB"]
[SourceTitle "EXT 2021"]
[Source "ChessBase"]
[SourceDate "2020.10.23"]
[SourceVersion "1"]
[SourceVersionDate "2020.10.23"]
[SourceQuality "1"]

1. d4 Nf6 2. Bf4 g6 3. e3 Bg7 4. Nf3 0-0 5. h3 c5 6. c3 cxd4 7. cxd4 d5 8. Nc3 Qb6 9. Rb1 Bf5 10. Bd3 Bxd3 11. Qxd3 Nbd7 12. 0-0 Rac8 13. Ne5 e6 14. Nxd7 Nxd7 15. Qb5 Qc6 16. Rfc1 Nb6 17. Qxc6 bxc6 18. Ne2 Rfe8 19. Rc2 e5 20. Bxe5 Bxe5 21. dxe5 Rxe5 22. Rbc1 Nc4 23. b3 Na5 24. Rc5 Nb7 25. Rxc6 Rxc6 26. Rxc6 Re6 27. Nd4 Rxc6 28. Nxc6 a5 29. Ne7+ Kf8 30. Nxd5 f5 31. Kf1 Kf7 32. Ke2 Ke6 33. Nb6 Ke5 34. Kd3 Kd6 35. Kd4 Kc6 36. Nc4 h6 37. f3 g5 38. e4 f4 39. e5 h5 40. e6 g4 41. hxg4 h4 42. Ke5 a4 43. Kf6 axb3 44. axb3 Nc5 45. e7 Ne4+ 46. fxe4 f3 47. e8Q+ Kc7 48. gxf3 h3 49. Qh8 1-0

[Event "Giraldilla de La Habana op"]
[Site "Havana"]
[Date "2018.07.29"]
[Round "3"]
[White "Balboa Gonzalez, Roberto"]
[Black "Labrada Bacallao, Grisel"]
[Result "1-0"]
[WhiteElo "2077"]
[BlackElo "1944"]
[PlyCount "86"]
[EventDate "2018.07.28"]
[EventType "swiss"]
[EventRounds "9"]
[EventCountry "CUB"]
[SourceTitle "EXT 2021"]
[Source "ChessBase"]
[SourceDate "2020.10.23"]
[SourceVersion "1"]
[SourceVersionDate "2020.10.23"]
[SourceQuality "1"]

1. d4 e6 2. c4 Nf6 3. Nc3 Bb4 4. Nf3 0-0 5. Bg5 d6 6. Qc2 Nbd7 7. e4 e5 8. dxe5 dxe5 9. Nd2 c6 10. Be2 Nc5 11. 0-0 Ne6 12. Be3 Nd4 13. Qd1 Be6 14. Rc1 Qe7 15. f3 Rfd8 16. Qe1 Nh5 17. a3 Bc5 18. Kh1 Nb3 19. Bxc5 Nxc5 20. Rc2 Nf4 21. b4 Ncd3 22. Bxd3 Nxd3 23. Qg3 a5 24. bxa5 Qxa3 25. Rb1 Qc5 26. h4 Qe7 27. h5 h6 28. Ra2 Nf4 29. Rab2 Bc8 30. Na4 Rxa5 31. Nb6 Nxh5 32. Qf2 Qg5 33. g4 Nf4 34. Nb3 Nd3 35. Qh2 Nxb2 36. Nxa5 Nd3 37. Nxc8 Rxc8 38. Nxb7 Qe3 39. Nd6 Qxf3+ 40. Qg2 Qxg2+ 41. Kxg2 Rd8 42. Nf5 Nf4+ 43. Kf1 Kh7 1-0

[Event "Maria Teresa Mora Memorial op"]
[Site "Havana"]
[Date "2018.03.08"]
[Round "1"]
[White "Labrada Bacallao, Grisel"]
[Black "Gomez Arnau, Reinerio"]
[Result "0-1"]
[WhiteElo "1943"]
[BlackElo "2197"]
[PlyCount "68"]
[EventDate "2018.03.08"]
[EventType "swiss"]
[EventRounds "9"]
[EventCountry "CUB"]
[SourceTitle "EXT 2021"]
[Source "ChessBase"]
[SourceDate "2020.10.23"]
[SourceVersion "1"]
[SourceVersionDate "2020.10.23"]
[SourceQuality "1"]

1. d4 Nf6 2. Nf3 c6 3. e3 d5 4. Bd3 Bg4 5. c4 e6 6. Qb3 Bxf3 7. gxf3 dxc4 8. Bxc4 Qc7 9. Nc3 a6 10. a4 Nbd7 11. e4 Be7 12. Be3 0-0 13. h4 b5 14. Bd3 b4 15. Ne2 Qa5 16. Kf1 c5 17. d5 exd5 18. exd5 Ne5 19. Bf4 c4 20. Bxc4 Nxc4 21. Qxc4 Rac8 22. Qb3 Qxd5 23. Qxd5 Nxd5 24. Be5 Rfd8 25. Rg1 f6 26. Bd4 Kf7 27. Ng3 Bf8 28. Nf5 g6 29. Ng3 Rc4 30. Ne2 Bh6 31. Rg4 f5 32. Rg1 Nf4 33. Be3 Nxe2 34. Kxe2 Rc2+ 0-1

[Event "Maria Teresa Mora Memorial op"]
[Site "Havana"]
[Date "2018.??.??"]
[Round "4"]
[White "Bueno Gauna, Christian Alejandro"]
[Black "Labrada Bacallao, Grisel"]
[Result "1/2-1/2"]
[WhiteElo "2069"]
[BlackElo "1943"]
[PlyCount "32"]
[EventDate "2018.03.08"]
[EventType "swiss"]
[EventRounds "9"]
[EventCountry "CUB"]
[SourceTitle "EXT 2021"]
[Source "ChessBase"]
[SourceDate "2020.10.23"]
[SourceVersion "1"]
[SourceVersionDate "2020.10.23"]
[SourceQuality "1"]

1. Nf3 e6 2. g3 d5 3. d4 f5 4. Bg2 Nf6 5. b3 Bd6 6. Bb2 Nbd7 7. 0-0 b6 8. c4 c6 9. Nbd2 0-0 10. Ne5 Bb7 11. Ndf3 Qe7 12. Nd3 dxc4 13. bxc4 c5 14. e3 Rac8 15. Qb3 Bxf3 16. Bxf3 Ne4 1/2-1/2

[Event "Maria Teresa Mora Memorial op"]
[Site "Havana"]
[Date "2018.??.??"]
[Round "5"]
[White "Labrada Bacallao, Grisel"]
[Black "Perez Coyula, Rafael Alcides"]
[Result "1-0"]
[WhiteElo "1943"]
[BlackElo "2050"]
[PlyCount "69"]
[EventDate "2018.03.08"]
[EventType "swiss"]
[EventRounds "9"]
[EventCountry "CUB"]
[SourceTitle "EXT 2021"]
[Source "ChessBase"]
[SourceDate "2020.10.23"]
[SourceVersion "1"]
[SourceVersionDate "2020.10.23"]
[SourceQuality "1"]

1. d4 Nf6 2. Nf3 e6 3. e3 b6 4. Bd3 Bb7 5. Nbd2 c5 6. b3 d6 7. Bb2 Be7 8. 0-0 0-0 9. Qe2 Nbd7 10. c4 Qc7 11. Rfd1 Rfe8 12. e4 cxd4 13. Nxd4 Rac8 14. Rac1 Qb8 15. f4 e5 16. fxe5 Nxe5 17. Nf5 Bf8 18. Bb1 d5 19. cxd5 Rxc1 20. Rxc1 Neg4 21. Nf3 Bxd5 22. h3 Bxe4 23. Bxe4 Rxe4 24. Qd3 Ne5 25. Bxe5 Rxe5 26. Nxe5 Qxe5 27. Rc8 Qe1+ 28. Kh2 Qe5+ 29. Ng3 h5 30. Qd8 Kh7 31. Qxf8 Ne4 32. Qh8+ Kg6 33. Qxh5+ Qxh5 34. Nxh5 Kxh5 35. Rc7 1-0

[Event "Maria Teresa Mora Memorial op"]
[Site "Havana"]
[Date "2018.??.??"]
[Round "9"]
[White "Menendez Garcia, Dayan"]
[Black "Labrada Bacallao, Grisel"]
[Result "1/2-1/2"]
[WhiteElo "2017"]
[BlackElo "1943"]
[PlyCount "76"]
[EventDate "2018.03.08"]
[EventType "swiss"]
[EventRounds "9"]
[EventCountry "CUB"]
[SourceTitle "EXT 2021"]
[Source "ChessBase"]
[SourceDate "2020.10.23"]
[SourceVersion "1"]
[SourceVersionDate "2020.10.23"]
[SourceQuality "1"]

1. c4 e6 2. Nc3 f5 3. g3 Nf6 4. Bg2 c6 5. d4 d5 6. cxd5 cxd5 7. Nh3 Bd6 8. 0-0 a6 9. Bf4 0-0 10. Na4 Bxf4 11. Nxf4 g5 12. Nd3 Nc6 13. e3 Ne7 14. Ne5 Ng6 15. Nxg6 hxg6 16. Nc5 Qe7 17. Nd3 Qh7 18. Ne5 Bd7 19. f4 g4 20. Rc1 Bb5 21. Rf2 Rac8 22. Rfc2 Rxc2 23. Qxc2 Nd7 24. Qc7 Nxe5 25. Qxe5 Re8 26. Rc7 Qh8 27. Qd6 Bc6 28. b4 Qf6 29. a4 Rd8 30. Qc5 Qf8 31. a5 Qxc5 32. bxc5 Rf8 33. Bf1 Rf7 34. Rc8+ Rf8 35. Rxf8+ Kxf8 36. h3 gxh3 37. Bxh3 Ke7 38. g4 Kf6 1/2-1/2